LEADER 02994oam 2200589I 450 001 9910957275903321 005 20251116235319.0 010 $a1-04-005953-8 010 $a0-429-09617-8 010 $a1-4665-0420-X 024 7 $a10.1201/b11942 035 $a(CKB)3710000000391197 035 $a(EBL)1446632 035 $a(SSID)ssj0001459180 035 $a(PQKBManifestationID)12611395 035 $a(PQKBTitleCode)TC0001459180 035 $a(PQKBWorkID)11456142 035 $a(PQKB)11048818 035 $a(Au-PeEL)EBL1446632 035 $a(CaPaEBR)ebr11166075 035 $a(OCoLC)908077655 035 $a(OCoLC)910943120 035 $a(MiAaPQ)EBC1446632 035 $a(FINmELB)ELB142642 035 $a(EXLCZ)993710000000391197 100 $a20180706d2012 uy 0 101 0 $aeng 135 $aur|n|---||||| 181 $ctxt 182 $cc 183 $acr 200 10$aIntroduction to structural analysis $edisplacement and force methods /$fS.T. Mau 205 $a1st ed. 210 1$aBoca Raton, Fla. :$cCRC Press,$d2012. 215 $a1 online resource (327 p.) 300 $aDescription based upon print version of record. 311 08$a1-4665-0416-1 327 $aFront Cover; Contents; Preface; Acknowledgments; Chapter 1: Truss Analysis: Matrix Displacement Method; Chapter 2: Truss Analysis: Force Method-Part I; Chapter 3: Truss Analysis: Force Method-Part II; Chapter 4: Beam and Frame Analysis: Force Method-Part I; Chapter 5: Beam and Frame Analysis: Force Method-Part II; Chapter 6: Beam and Frame Analysis: Force Method-Part III; Chapter 7: Beam and Frame Analysis: Displacement Method-Part I; Chapter 8: Beam and Frame Analysis: Displacement Method-Part II; Chapter 9: Influence Lines; Chapter 10: Other Topics; Appendix A: Matrix Algebra Review 327 $aAppendix B: Supplementary Review NotesBack Cover 330 $a"Bridging the gap between what is traditionally taught in textbooks and classrooms and what is actually practiced in engineering firms, this indispensible text clearly and linearly details every solution method in the framework of the traditional Force Method and the matrix displacement method of analysis. It covers influence lines, non-prismatic members, composite structures, secondary stress analysis, and the limits of linear and static structural analysis. Integrating classical and modern methodologies, it explains complicated analysis using simplified methods and numerous examples and provides an understanding of the underlying methodologies of finite element analysis"--$cProvided by publisher. 606 $aStructural analysis (Engineering) 615 0$aStructural analysis (Engineering) 676 $a624.17 686 $aTEC005000$aTEC063000$2bisacsh 700 $aMau$b S. T$01880637 801 0$bMiAaPQ 801 1$bMiAaPQ 801 2$bMiAaPQ 906 $aBOOK 912 $a9910957275903321 996 $aIntroduction to structural analysis$94494716 997 $aUNINA